| 000 | 04857nam a22006615i 4500 | ||
|---|---|---|---|
| 005 | 20230718140317.0 | ||
| 006 | m|||||o||d|||||||| | ||
| 007 | cr || |||||||| | ||
| 008 | 221201t20212021gw fo d z ger d | ||
| 020 | _a9783839455722 | ||
| 040 |
_aDE-B1597 _beng _cDE-B1597 _erda |
||
| 041 | 0 | _ager | |
| 082 | 0 | 4 |
_813u _814p _a306.481209 _qDE-101 _223/ger |
| 100 | 1 |
_aRitschel, Gregor, _eauthor. _4aut _4http://id.loc.gov/vocabulary/relators/aut |
|
| 245 | 1 | 0 |
_aFreie Zeit : _bEine politische Idee von der Antike bis zur Digitalisierung / _cGregor Ritschel. |
| 264 | 1 |
_aBielefeld : _btranscript Verlag, _c[2021] |
|
| 264 | 4 | _c©2021 | |
| 300 | _a1 online resource (274 p.) | ||
| 336 |
_atext _btxt _2rdacontent |
||
| 337 |
_acomputer _bc _2rdamedia |
||
| 338 |
_aonline resource _bcr _2rdacarrier |
||
| 347 |
_atext file _bPDF _2rda |
||
| 490 | 0 | _aX-Texte zu Kultur und Gesellschaft | |
| 505 | 0 | 0 |
_tFrontmatter -- _tInhalt -- _t1. Einleitung -- _t2. Die Idee der Muße von der Antike bis zur frühen Neuzeit -- _t3. Exkurs -- _t4. Das 18. Jahrhundert -- _t5. Das 19. Jahrhundert -- _t6. Das 20. Jahrhundert -- _t7. Das 21. Jahrhundert -- _t8. Free days for future! -- _t9. Literatur -- _t10. Danksagung |
| 506 | 0 |
_funrestricted online access _2star |
|
| 520 | _a"The realm of freedom actually begins only where labour which is determined by necessity and mundane considerations ceases" - Karl Marx once said. And today? Despite extensive automatisation, the norm of full-time work remains. The motto "social is what creates work" is supported by almost all political actors. At the same time, the previous form of a full-time working society is becoming more fragile and unequal: the care crisis, the gender pay gap, precarious jobs or unregulated crowdwork on digital platforms reveal just a few of the many yield lines. Considering the history of political ideas on free time and the current debates on automatisation and digitalisation, Gregor Ritschel drafts a plea for a gradual exit from the previous working society into a "multi-activity society" (André Gorz). He reveals that shortening working hours can enable us to create a more social, more creative and also more environmentally friendly world. | ||
| 520 | _a»Das Reich der Freiheit beginnt in der That erst da, wo das Arbeiten, das durch Noth und äußere Zweckmäßigkeit bestimmt ist, aufhört« - so einst Karl Marx.Und heute? Trotz weitgehender Automatisierung bleibt die Norm der Vollzeitarbeit bestehen. Das Motto »Sozial ist was Arbeit schafft«, wird von fast allen politischen Akteuren getragen. Zugleich wird die bisherige Form der Vollzeitarbeitsgesellschaft in vielen Momenten brüchiger und ungleicher: Pflegekrise, Gender-Pay-Gap, prekäre Jobs oder unregulierte Crowdwork auf digitalen Plattformen offenbaren nur einige der vielfältigen Bruchlinien.Mit Blick auf die politische Ideengeschichte der freien Zeit und die aktuellen Debatten um Automatisierung und Digitalisierung entwirft Gregor Ritschel ein Plädoyer für den schrittweisen Ausgang aus der bisherigen Arbeits- in eine »Multiaktivitätsgesellschaft« (André Gorz). Er zeigt: Eine Verkürzung der Arbeitszeit kann uns eine sozialere, kreativere und auch umweltschonendere Welt ermöglichen. | ||
| 536 | _afunded by transcript: Open Library 2021 (Politik) | ||
| 538 | _aMode of access: Internet via World Wide Web. | ||
| 540 |
_aThis eBook is made available Open Access under a CC BY-NC-ND 4.0 license: _uhttps://creativecommons.org/licenses/by-nc-nd/4.0 _uhttps://www.degruyter.com/dg/page/open-access-policy |
||
| 546 | _aIn German. | ||
| 588 | 0 | _aDescription based on online resource; title from PDF title page (publisher's Web site, viewed 01. Dez 2022) | |
| 650 | 4 | _aArbeits- und Industriesoziologie. | |
| 650 | 4 | _aFreizeit. | |
| 650 | 4 | _aIdeengeschichte. | |
| 650 | 4 | _aLeben. | |
| 650 | 4 | _aPolitik. | |
| 650 | 4 | _aPolitikwissenschaft. | |
| 650 | 4 | _aPolitische Theorie. | |
| 650 | 4 | _aSozialgeschichte. | |
| 650 | 4 | _aZukunft der Arbeit. | |
| 650 | 7 |
_aPOLITICAL SCIENCE / History & Theory. _2bisacsh |
|
| 653 | _aFuture of Work. | ||
| 653 | _aHistory of Ideas. | ||
| 653 | _aLeisure. | ||
| 653 | _aLife. | ||
| 653 | _aPolitical Science. | ||
| 653 | _aPolitical Theory. | ||
| 653 | _aPolitics. | ||
| 653 | _aSocial History. | ||
| 653 | _aSociology of Work and Industry. | ||
| 710 | 2 |
_atranscript: Open Library 2021 (Politik) _efunder. _4fnd _4http://id.loc.gov/vocabulary/relators/fnd |
|
| 776 | 0 |
_cprint _z9783837655728 |
|
| 856 | 4 | 0 |
_uhttps://doi.org/10.1515/9783839455722?locatt=mode:legacy _zOpen Access _70 |
| 856 | 4 | 0 |
_uhttps://www.degruyter.com/isbn/9783839455722 _zOpen Access _70 |
| 856 | 4 | 2 |
_3Cover _uhttps://www.degruyter.com/document/cover/isbn/9783839455722/original |
| 942 | _cE-BOOK | ||
| 999 |
_c70339 _d70338 |
||